Central Library OPAC University of Rajshahi

General chemistry / (Record no. 53203)

MARC details
000 -LEADER
fixed length control field 00779nam a2200265 a 4500
001 - CONTROL NUMBER
control field 53203
003 - CONTROL NUMBER IDENTIFIER
rucl marc code BD-RJUL
005 - DATE AND TIME OF LATEST TRANSACTION
control field 20211209075926.0
008 - FIXED-LENGTH DATA ELEMENTS--GENERAL INFORMATION
fixed length control field 161004s1981 xxua 001 0 eng d
020 ## - INTERNATIONAL STANDARD BOOK NUMBER
International Standard Book Number 030578663
035 ## - SYSTEM CONTROL NUMBER
System control number (BD-RjUL)53323
040 ## - CATALOGING SOURCE
Original cataloging agency BD-RjUL
Language of cataloging eng
Transcribing agency BD-RjUL
041 ## - LANGUAGE CODE
Language code of text/sound track or separate title eng
082 ## - DEWEY DECIMAL CLASSIFICATION NUMBER
Edition number 23
Classification number 540
Author mark and year WHG 1981
100 1# - MAIN ENTRY--PERSONAL NAME
Personal name Whitten, Kenneth W.
9 (RLIN) 159029
245 10 - TITLE STATEMENT
Title General chemistry /
Statement of responsibility, etc. Kenneth W. Whitten, Kenneth D. Gailey
260 ## - PUBLICATION, DISTRIBUTION, ETC. (IMPRINT)
Place of publication, distribution, etc. Philadelphia :
Name of publisher, distributor, etc. Saunders College Publishing,
Date of publication, distribution, etc. 1981
300 ## - PHYSICAL DESCRIPTION
Pagination xxxii, 857, [51] p :
Illustrations ill ;
Size 27 cm
490 0# - SERIES STATEMENT
Series statement Saunders golden sunburst series
504 ## - BIBLIOGRAPHY, ETC. NOTE
Bibliography, etc Includes index
650 #0 - SUBJECT ADDED ENTRY--TOPICAL TERM
Topical term or geographic name as entry element Chemistry
9 (RLIN) 159030
700 1# - ADDED ENTRY--PERSONAL NAME
Personal name Gailey, Kenneth D.
942 ## - ADDED ENTRY ELEMENTS (KOHA)
Source of classification or shelving scheme Dewey Decimal Classification
Koha item type Books
Holdings
Lost status Source of classification or shelving scheme Damaged status Not for loan Collection code Permanent Location Current Location Shelving location Date acquired Total Checkouts Full call number Date last seen Copy number Koha item type
  Dewey Decimal Classification     Non-fiction Central Library, University of Rajshahi Central Library, University of Rajshahi   18/10/1940   540 WHG 1981 04/10/2016 C-2 Books